Normal view
MARC view
Entry Personal Name
001 - CONTROL NUMBER
- control field: 48583
003 - CONTROL NUMBER IDENTIFIER
- control field: dpl
005 - DATE AND TIME OF LATEST TRANSACTION
- control field: 20120607104234.0
008 - FIXED-LENGTH DATA ELEMENTS
- fixed length control field: 120607|||a|||||| | ||| d
040 ## - CATALOGING SOURCE
- Original cataloging agency: dpl
- Transcribing agency: dpl
100 ## - HEADING--PERSONAL NAME
- Personal name: Jothi Jagarajan, D.
670 ## - SOURCE DATA FOUND
- Source citation: Work cat.: (dpl)57606: Jothi Jagarajan, D., Comparative constitutional law /, 2011
670 ## - SOURCE DATA FOUND
- Source citation: Work cat.: (dpl)57606: Jothi Jagarajan, D., Comparative constitutional law /, 2011
